|
|
|
|
| LEADER |
00000nab#a22000007a#4500 |
| 001 |
arbauad007918 |
| 003 |
AR-BaUAD |
| 005 |
20250711110853.0 |
| 008 |
000000|||||||||###||||||b###|0###a|spa|| |
| 040 |
|
|
|a AR-BaUAD
|c AR-BaUAD
|b spa
|
| 245 |
1 |
0 |
|a Sensitivity, individualism and design
|
| 500 |
|
|
|a Traducción al francés y alemán p. 106. -- Resumen de la conferencia celebrada en el Design Centre, Stuttgart, por la psicóloga Carmen Lakaschus como apertura a la IEI'91 Exhibition, la cual presentaba los ganadores de IEI International Design Competition for Textiles and Fashion. -- Tendencia hacia un mercado más individualista en los años 90.
|
| 653 |
|
|
|a ALEMANIA
|
| 653 |
|
|
|a DISEÑO
|
| 653 |
|
|
|a PSICOLOGIA
|
| 653 |
|
|
|a SOCIOLOGIA
|
| 653 |
|
|
|a ESTETICA
|
| 653 |
|
|
|a LAKASCHUS, CARMEN
|
| 773 |
0 |
|
|t INTERNATIONAL TEXTILES
|g no. 730 [feb. 1992], p. 96-97
|
| 942 |
|
|
|c ARTI
|
| 952 |
|
|
|0 0
|1 0
|4 0
|7 0
|9 52838
|a AR-BAuAD
|b AR-BAuAD
|d 2025-07-11
|l 0
|p AAQA007918
|r 2025-07-11 11:08:53
|w 2025-07-11
|y ARTI
|
| 990 |
|
|
|a DT199
|b TD
|
| 998 |
|
|
|a AAQ
|b BIBUN76
|
| 999 |
|
|
|c 32511
|d 32511
|